International relations theory and european integration

Uložené v:
Podrobná bibliografia
Hlavný autor: Pollack, Mark A.
Médium: Kniha
Jazyk:English
Vydavateľské údaje: San Domenico (FI) European University Institute 2000
Edícia:EUI Working paper RSC No. 2000/55
Predmet:
Tagy: Pridať tag
Žiadne tagy, Buďte prvý, kto otaguje tento záznam!

MARC

LEADER 00000nam a2200000 4500
001 c132132
005 20221123132929.0
041 0 |a eng 
044 |a IT 
245 1 0 |a International relations theory and european integration  |c Mark A. Pollack 
264 1 |a San Domenico (FI)  |b European University Institute  |c 2000 
300 |a 30 s. 
490 1 |a EUI Working paper RSC  |v No. 2000/55 
830 0 |a EUI Working paper RSC  |v No. 2000/55 
610 2 0 |a integrácia 
610 2 0 |a politika medzinárodná 
610 2 0 |a teórie ekonomické 
610 2 0 |a Európa 
100 1 |a Pollack, Mark A.